00858 2200289 4500001002100000005001500021035002500036007000300061008004100064020002200105040001700127082001600144084001800160090002200178090002200200100003100222245006100253250003600314260003600350300004200386504003300428650002900461850001200490999002200502990002200524990002200546INLIS00000000003475220191105120831 a0010-031800000000695ta180312s2017 yoia g | ind d a978-602-453-286-4 aYOPDYOGbind04223a657.453 a657.453 Jal S aDEP 657.453 Jal S aCB-D.11 2017-17650 aJALUANTO SUNU PUNJUL TYOSO10aSistem informasi akuntansi /cJaluanto Sunu Punjul Tyoso aCetakan pertama: September 2017 aYogyakarta :bDeepublish,c2017 avi, 140 halaman :bilustrasi ;c23 cm aBibliografi: halaman 139-140 4aKomputer dalam akuntansi aYOPDYOG aCB-D.11/2017-1765 aCB-D.11/2017-1765 aCB-D.11/2017-1765